Central Library OPAC University of Rajshahi

Theory and analysis of sample survey designs / (Record no. 22704)

MARC details
000 -LEADER
fixed length control field 00829pam a2200277 a 4500
001 - CONTROL NUMBER
control field 22704
003 - CONTROL NUMBER IDENTIFIER
rucl marc code BD-RjUL
005 - DATE AND TIME OF LATEST TRANSACTION
control field 20211209000836.0
008 - FIXED-LENGTH DATA ELEMENTS--GENERAL INFORMATION
fixed length control field 140309s1986 ii b 001 0 eng d
020 ## - INTERNATIONAL STANDARD BOOK NUMBER
International Standard Book Number 0852269102
035 ## - SYSTEM CONTROL NUMBER
System control number (BD-RjUL)22769
040 ## - CATALOGING SOURCE
Original cataloging agency DLC
Transcribing agency DLC
Modifying agency DLC
-- BD-RjUL
Language of cataloging eng
041 ## - LANGUAGE CODE
Language code of text/sound track or separate title eng
082 00 - DEWEY DECIMAL CLASSIFICATION NUMBER
Classification number 519.52
Edition number 19
Author mark and year SIT 1986
100 1# - MAIN ENTRY--PERSONAL NAME
Personal name Singh, Daroga.
9 (RLIN) 70041
245 10 - TITLE STATEMENT
Title Theory and analysis of sample survey designs /
Statement of responsibility, etc. Daroga Singh, F.S. Chaudhary.
260 ## - PUBLICATION, DISTRIBUTION, ETC. (IMPRINT)
Place of publication, distribution, etc. New Delhi :
Name of publisher, distributor, etc. Wiley,
Date of publication, distribution, etc. c1986.
300 ## - PHYSICAL DESCRIPTION
Pagination xi, 380 p. ;
Size 22 cm.
500 ## - GENERAL NOTE
General note "A Halsted Press book."
504 ## - BIBLIOGRAPHY, ETC. NOTE
Bibliography, etc Includes bibliographies and indexes.
650 #0 - SUBJECT ADDED ENTRY--TOPICAL TERM
Topical term or geographic name as entry element Sampling (Statistics)
9 (RLIN) 70042
700 1# - ADDED ENTRY--PERSONAL NAME
Personal name Chaudhary, F. S.
Fuller form of name (Fauran S.)
942 ## - ADDED ENTRY ELEMENTS (KOHA)
Source of classification or shelving scheme Dewey Decimal Classification
Koha item type Books
Holdings
Lost status Source of classification or shelving scheme Damaged status Not for loan Collection code Permanent Location Current Location Shelving location Date acquired Source of acquisition Total Checkouts Total Renewals Full call number Date last seen Date checked out Copy number Koha item type
  Dewey Decimal Classification     Non-fiction Central Library, University of Rajshahi Central Library, University of Rajshahi   16/09/2008 Rajshahi University Gift 2 1 519.52 SIT 1986 04/03/2020 05/02/2020 C-4 Books